Fiatal költő
Elmentve itt :
| Szerző: | |
|---|---|
| Dokumentumtípus: | Cikk |
| Megjelent: |
1928
|
| Sorozat: | Széphalom
2 |
| Kulcsszavak: | Szépirodalom |
| Online Access: | http://acta.bibl.u-szeged.hu/20189 |
| LEADER | 00520nab a2200169 i 4500 | ||
|---|---|---|---|
| 001 | acta20189 | ||
| 005 | 20210722152511.0 | ||
| 008 | 161015s1928 hu o 0|| hun d | ||
| 040 | |a SZTE Egyetemi Kiadványok Repozitórium |b hun | ||
| 041 | |a hun | ||
| 100 | 1 | |a Marconnay Tibor | |
| 245 | 1 | 0 | |a Fiatal költő |h [elektronikus dokumentum] / |c Marconnay Tibor |
| 260 | |c 1928 | ||
| 300 | |a 32b | ||
| 490 | 0 | |a Széphalom |v 2 | |
| 695 | |a Szépirodalom | ||
| 856 | 4 | 0 | |u http://acta.bibl.u-szeged.hu/20189/1/szephalom_002_032b.pdf |z Dokumentum-elérés |